[Event "4NCL Division 4 South"]
[Site "Reading, ENG"]
[Date "2016.11.26"]
[Round "1.103"]
[White "Green, Emily"]
[Black "Watson, Jacob"]
[Result "0-1"]
[WhiteElo "1795"]
[BlackElo "1696"]
[PlyCount "78"]
[EventDate "2016.11.26"]
[WhiteTeam "Wood Green MM 2"]
[BlackTeam "Kent Kestrels"]

1. Nf3 Nf6 2. c4 c5 3. g3 g6 4. b3 Bg7 5. Bb2 Nc6 6. Na3 O-O 7. Nc2 d6 8. Bg2
e5 9. O-O Be6 10. e3 Qd7 11. Rb1 e4 12. Ng5 Bg4 13. Qe1 Ne5 14. Bxe5 dxe5 15.
Nxe4 Qd3 16. Nxf6+ Bxf6 17. Qc1 Bf5 18. Na3 Rad8 19. Rb2 e4 20. Rc2 a6 21. Re1
Qd6 22. Nb1 Rfe8 23. Bf1 h5 24. Be2 h4 25. Nc3 hxg3 26. fxg3 Kg7 27. Nd5 Be5
28. Nf4 Rh8 29. Kg2 Bxf4 30. gxf4 g5 31. Qa1+ f6 32. Rg1 gxf4 33. Kf2+ Kf7 34.
Qf1 Bh3 35. Qd1 f3 36. Bxf3 exf3 37. Rg3 Bg2 38. Qg1 Qd3 39. Rxg2 Qe2+ 0-1

[Event "4NCL Division 4 South"]
[Site "Reading, ENG"]
[Date "2016.11.26"]
[Round "1.104"]
[White "Ratnesan, Rajeiv"]
[Black "Ivanov, Elizabeth"]
[Result "1-0"]
[WhiteElo "1430"]
[BlackElo "1802"]
[PlyCount "51"]
[EventDate "2016.11.26"]
[WhiteTeam "Kent Kestrels"]
[BlackTeam "Wood Green MM 2"]

1. Nf3 d5 2. g3 Nc6 3. Bg2 e5 4. d3 f5 5. c3 Nf6 6. Qc2 Bc5 7. Nxe5 Bxf2+ 8.
Kxf2 Nxe5 9. Rf1 c6 10. d4 Ng6 11. Kg1 h5 12. Bh3 Ng4 13. Bxg4 hxg4 14. Na3 Be6
15. Bd2 Rh3 16. Rxf5 Bxf5 17. Qxf5 Qd6 18. Qxg4 Rh8 19. e4 dxe4 20. Nc4 Qd7 21.
Qxg6+ Kd8 22. Ne5 Qh3 23. Nf7+ Kc7 24. Qd6+ Kb6 25. Qb4+ Ka6 26. Nxh8 1-0

[Event "4NCL Division 4 South"]
[Site "Reading, ENG"]
[Date "2016.11.26"]
[Round "1.105"]
[White "Gogna, Avi"]
[Black "Chidipothu, Nikhil"]
[Result "0-1"]
[WhiteElo "1675"]
[BlackElo "1423"]
[PlyCount "96"]
[EventDate "2016.11.26"]
[WhiteTeam "Wood Green MM 2"]
[BlackTeam "Kent Kestrels"]

1. d4 d5 2. Nf3 Nf6 3. c4 e6 4. g3 g6 5. Bg2 Bg7 6. O-O O-O 7. b3 Nbd7 8. Bb2
b6 9. Nbd2 Bb7 10. Rc1 dxc4 11. bxc4 c5 12. e3 Qc7 13. Qc2 Rfc8 14. Rfd1 cxd4
15. exd4 Ne8 16. Qb3 a5 17. a4 Ba6 18. Ba3 Qd8 19. Nf1 Ra7 20. Ne3 Rac7 21. h3
Bf8 22. Bxf8 Kxf8 23. d5 exd5 24. Nxd5 Rxc4 25. Rxc4 Bxc4 26. Qa3+ Nc5 27. Ne3
Bd3 28. Rxd3 Qxd3 29. Qxd3 Nxd3 30. Bf1 Nc5 31. Bb5 Nd6 32. Be2 Nxa4 33. Ne5
Rc1+ 34. Kg2 b5 35. Nd3 Rc8 36. Bg4 f5 37. Bf3 b4 38. Bd5 Nc3 39. Be6 Rc7 40.
Nd5 Nxd5 41. Bxd5 Rc3 42. Nf4 a4 43. Ne6+ Ke7 44. Nf4 b3 45. Ne2 Rc2 46. Nd4
Rc3 47. Bg8 b2 48. Ba2 Rc1 0-1

[Event "4NCL Division 4 South"]
[Site "Reading, ENG"]
[Date "2016.11.26"]
[Round "1.106"]
[White "Chidipothu, Amar"]
[Black "Gogna, Aman"]
[Result "0-1"]
[WhiteElo "1300"]
[BlackElo "1727"]
[PlyCount "124"]
[EventDate "2016.11.26"]
[WhiteTeam "Kent Kestrels"]
[BlackTeam "Wood Green MM 2"]

1. Nc3 d5 2. Nf3 Nf6 3. d4 g6 4. b3 Bg7 5. Ng5 h6 6. Nf3 O-O 7. Bb2 b6 8. g3
Bb7 9. Bg2 Nbd7 10. O-O c5 11. e3 Rc8 12. Nb5 a6 13. Nc3 Qc7 14. Rc1 Rfd8 15.
Qe2 e6 16. Rfd1 Qb8 17. Nb1 Ne4 18. c4 cxd4 19. exd4 Ndf6 20. Ne5 Bf8 21. Nd2
Nxd2 22. Rxd2 Rc7 23. Qe3 Rdc8 24. Rdc2 Qa7 25. Qf4 Bg7 26. Ba3 Ne8 27. Bb4 a5
28. Bc3 dxc4 29. bxc4 Bxg2 30. Kxg2 Qb7+ 31. Kg1 Kh7 32. Bd2 Nf6 33. Be3 Ne4
34. a3 f6 35. Nf3 b5 36. Nh4 g5 37. Qg4 gxh4 38. Qxe6 hxg3 39. Qf5+ Kh8 40.
hxg3 Rxc4 41. d5 Rxc2 42. Qxe4 Rxc1+ 43. Bxc1 Rxc1+ 44. Kg2 Rc8 45. f3 Qc7 46.
g4 Qc2+ 47. Kg3 Qxe4 48. fxe4 b4 49. Kf4 Kg8 50. Kf5 Kf7 51. e5 fxe5 52. axb4
axb4 53. d6 b3 54. d7 Rd8 55. g5 hxg5 56. Kxg5 b2 57. Kf5 b1=Q+ 58. Kg4 Qf1 59.
Kg3 Qf4+ 60. Kg2 Rxd7 61. Kg1 Rd2 62. Kh1 Qf1# 0-1

[Event "4NCL Division 4 South"]
[Site "Reading, ENG"]
[Date "2016.11.26"]
[Round "1.111"]
[White "Higgie, Charles L"]
[Black "Vallis, Luke"]
[Result "1/2-1/2"]
[WhiteElo "1945"]
[BlackElo "1915"]
[PlyCount "45"]
[EventDate "2016.11.26"]
[WhiteTeam "Shropshire 2"]
[BlackTeam "Sandhurst Cadets"]

1. d4 Nf6 2. c4 g6 3. Nc3 Bg7 4. e4 d6 5. f3 O-O 6. Be3 Nc6 7. Nge2 e5 8. d5
Ne7 9. Qd2 Ne8 10. g4 f5 11. gxf5 gxf5 12. O-O-O f4 13. Bf2 Ng6 14. Qe1 Nf6 15.
h4 Nh5 16. Bh3 Bxh3 17. Rxh3 Qd7 18. Qh1 Kh8 19. Rg1 Bh6 20. Kb1 Rg8 21. Rh2 a6
22. Rgg2 Raf8 23. Rg4 1/2-1/2

[Event "4NCL Division 4 South"]
[Site "Reading, ENG"]
[Date "2016.11.26"]
[Round "1.113"]
[White "Bennion, David"]
[Black "Kadambadi, Nikhil"]
[Result "1-0"]
[WhiteElo "1862"]
[BlackElo "1802"]
[PlyCount "57"]
[EventDate "2016.11.26"]
[WhiteTeam "Shropshire 2"]
[BlackTeam "Sandhurst Cadets"]

1. e4 c6 2. d4 d5 3. exd5 cxd5 4. c4 Nf6 5. Nc3 Nc6 6. cxd5 Nxd5 7. Bc4 e6 8.
Nf3 Bb4 9. Bd2 Nb6 10. Bb5 O-O 11. Be3 Nd5 12. Qc2 Qa5 13. O-O Bxc3 14. Bxc6
bxc6 15. bxc3 Qxc3 16. Qe4 Nf6 17. Qh4 Qa5 18. Ne5 Qd5 19. Bh6 Ne8 20. Rac1 Bb7
21. Rc5 Qd6 22. Nc4 Qd8 23. Bg5 f6 24. Be3 Rc8 25. Rh5 f5 26. Bg5 Nf6 27. Rxh7
Nxh7 28. Bxd8 Rfxd8 29. Qe7 1-0

[Event "4NCL Division 4 South"]
[Site "Reading, ENG"]
[Date "2016.11.26"]
[Round "1.114"]
[White "Stoyanov, Viktor"]
[Black "Tarr, Steve F"]
[Result "0-1"]
[WhiteElo "1780"]
[BlackElo "1840"]
[PlyCount "54"]
[EventDate "2016.11.26"]
[WhiteTeam "Sandhurst Cadets"]
[BlackTeam "Shropshire 2"]

1. d4 d5 2. Nf3 Nf6 3. Bf4 e6 4. e3 Bd6 5. Bg3 O-O 6. Bd3 Nbd7 7. c3 Qe7 8.
Nbd2 e5 9. dxe5 Nxe5 10. Nxe5 Bxe5 11. Nf3 Bd6 12. Nd4 Bg4 13. Qc2 g6 14. Bh4
c5 15. Nf3 Rac8 16. O-O-O c4 17. Be2 Bf5 18. Qd2 Kg7 19. Qd4 Bc5 20. Bxf6+ Qxf6
21. Qxd5 Be4 22. Qd2 b5 23. a3 a5 24. Rhe1 b4 25. axb4 axb4 26. cxb4 Ra8 27.
Qd4 Ra4 0-1

[Event "4NCL Division 4 South"]
[Site "Reading, ENG"]
[Date "2016.11.26"]
[Round "1.115"]
[White "Ross, Stuart"]
[Black "Vallis, Nicholas J"]
[Result "1-0"]
[WhiteElo "1735"]
[BlackElo "1630"]
[PlyCount "65"]
[EventDate "2016.11.26"]
[WhiteTeam "Shropshire 2"]
[BlackTeam "Sandhurst Cadets"]

1. e4 c6 2. d4 d5 3. Nc3 dxe4 4. Nxe4 Bf5 5. Ng3 Bg6 6. Nf3 Nf6 7. h4 h6 8. h5
Bh7 9. Bd3 Bxd3 10. Qxd3 e6 11. Bd2 Nbd7 12. O-O-O Be7 13. Kb1 Qc7 14. Qe2
O-O-O 15. Ne5 Nxe5 16. dxe5 Nd5 17. c4 Nb6 18. f4 Rd7 19. Ba5 Rhd8 20. Ne4 Rd4
21. Nd6+ R4xd6 22. exd6 Bxd6 23. g3 Re8 24. Qf2 Be7 25. c5 Bxc5 26. Qxc5 f6 27.
Bxb6 axb6 28. Qd6 Qxd6 29. Rxd6 e5 30. Re1 Kc7 31. fxe5 Rxe5 32. Rxe5 Kxd6 33.
Re8 1-0

[Event "4NCL Division 4 South"]
[Site "Reading, ENG"]
[Date "2016.11.26"]
[Round "1.116"]
[White "Thornley, Oliver"]
[Black "Peck, Windsor W A"]
[Result "1/2-1/2"]
[WhiteElo "1540"]
[BlackElo "1547"]
[PlyCount "63"]
[EventDate "2016.11.26"]
[WhiteTeam "Sandhurst Cadets"]
[BlackTeam "Shropshire 2"]

1. e4 e6 2. d4 d5 3. e5 c5 4. c3 Nc6 5. Nf3 Qc7 6. a3 Bd7 7. b4 cxb4 8. cxb4
Rc8 9. Bb2 Be7 10. Bd3 f6 11. O-O Nh6 12. Nbd2 O-O 13. Qc2 Nxe5 14. Bxh7+ Kh8
15. Qxc7 Nxf3+ 16. Nxf3 Rxc7 17. Bd3 Kg8 18. Rac1 Rfc8 19. Nd2 Nf7 20. Nb3 b6
21. b5 Nd6 22. Rxc7 Rxc7 23. a4 Kf7 24. Rc1 Rxc1+ 25. Bxc1 e5 26. Kf1 Be6 27.
Ke2 Nc4 28. Kd1 Bb4 29. Kc2 Be1 30. f3 Bf2 31. Kc3 Ke8 32. Be2 1/2-1/2

[Event "4NCL Division 4 South"]
[Site "Reading, ENG"]
[Date "2016.11.26"]
[Round "1.201"]
[White "Willmoth, Robert F"]
[Black "Phillips, William"]
[Result "1-0"]
[WhiteElo "2245"]
[BlackElo "1868"]
[PlyCount "72"]
[EventDate "2016.11.26"]
[WhiteTeam "Barnet Knights 1"]
[BlackTeam "Cambridge University 3"]

1. c4 Nf6 2. g3 g6 3. Bg2 Bg7 4. Nc3 O-O 5. e4 d6 6. Nge2 Nc6 7. O-O e5 8. f4
Ne7 9. h3 Be6 10. d3 Qc8 11. g4 exf4 12. Nxf4 Bd7 13. Be3 Ne8 14. Ncd5 Nxd5 15.
Nxd5 Qd8 16. Qd2 c6 17. Nf4 Nc7 18. Rae1 c5 19. Qf2 Rb8 20. b3 b5 21. d4 bxc4
22. bxc4 Ne6 23. dxc5 Rb2 24. Re2 Nxf4 25. Bxf4 Rxe2 26. Qxe2 Bd4+ 27. Kh1 Bxc5
28. Rd1 Ba4 29. Rd5 Qf6 30. Qd2 Rb8 31. Bf3 Rb1+ 32. Kh2 Bg1+ 33. Kg3 h5 34. g5
h4+ 35. Kxh4 Qh8+ 36. Kg3 Bc5 {Scoresheets illegible, unable to continue.} 1-0

[Event "4NCL Division 4 South"]
[Site "Reading, ENG"]
[Date "2016.11.26"]
[Round "1.204"]
[White "Davis, Holden"]
[Black "Orgler, Philipp"]
[Result "0-1"]
[WhiteElo "1756"]
[BlackElo "2042"]
[PlyCount "54"]
[EventDate "2016.11.26"]
[WhiteTeam "Cambridge University 3"]
[BlackTeam "Barnet Knights 1"]

1. e4 c5 2. d4 e6 3. Nf3 d5 4. exd5 exd5 5. Bb5+ Nc6 6. O-O Nf6 7. Re1+ Be7 8.
dxc5 O-O 9. h3 Bxc5 10. Bg5 Bxf2+ 11. Kxf2 Qb6+ 12. Be3 Qxb5 13. Nc3 Qxb2 14.
Nxd5 Nxd5 15. Qxd5 Qxc2+ 16. Re2 Qf5 17. Qc5 Be6 18. Qxf5 Bxf5 19. Rb2 b6 20.
Rc1 Rac8 21. g4 Be6 22. Bd2 Ne7 23. Rbc2 Rxc2 24. Rxc2 Rc8 25. Rb2 Nd5 26. Nd4
Rc4 27. Nb5 Ra4 0-1

[Event "4NCL Division 4 South"]
[Site "Reading, ENG"]
[Date "2016.11.26"]
[Round "1.203"]
[White "Ivanov, George"]
[Black "Metcalfe, Charlie P"]
[Result "1-0"]
[WhiteElo "1830"]
[BlackElo "1690"]
[PlyCount "83"]
[EventDate "2016.11.26"]
[WhiteTeam "Cambridge University 3"]
[BlackTeam "Wood Green MM 3"]

1. e4 e6 2. d4 d5 3. exd5 exd5 4. Bd3 Bd6 5. Nc3 c6 6. Nge2 Ne7 7. Ng3 Nd7 8.
Nce2 Qc7 9. c3 h6 10. Qc2 Nf6 11. h3 O-O 12. O-O Re8 13. Be3 Be6 14. f4 Nc8 15.
Rf3 Nb6 16. f5 Bd7 17. Bf4 Nc4 18. b3 Bxf4 19. Nxf4 Nd6 20. Ngh5 Nfe4 21. Bxe4
dxe4 22. Rg3 Nxf5 23. Qf2 Qd6 24. Rf1 Kf8 25. Nxg7 e3 26. Qf3 e2 27. Nxe2 Rxe2
28. Nxf5 Bxf5 29. Qxf5 Qe6 30. Qc5+ Qe7 31. Qh5 Re6 32. Qg4 Ke8 33. Qg8+ Qf8
34. Qh7 Ke7 35. Rg7 Rf6 36. Qe4+ Re6 37. Qh4+ Ke8 38. Qg3 Ke7 39. Rgxf7+ Qxf7
40. Qc7+ Ke8 41. Qxf7+ Kd8 42. Qxe6 1-0

[Event "4NCL Division 4 South"]
[Site "Reading, ENG"]
[Date "2016.11.26"]
[Round "1.206"]
[White "Davidson, Laura"]
[Black "Breed, Greg J"]
[Result "1-0"]
[WhiteElo "1525"]
[BlackElo "1781"]
[PlyCount "65"]
[EventDate "2016.11.26"]
[WhiteTeam "Wood Green MM 3"]
[BlackTeam "Cambridge University 3"]

1. e4 c6 2. d4 d5 3. exd5 cxd5 4. Bd3 Nc6 5. c3 Nf6 6. Bf4 g6 7. Nd2 Bg7 8.
Ngf3 O-O 9. O-O Nh5 10. Bg3 Nxg3 11. fxg3 e5 12. Nxe5 Nxe5 13. dxe5 Qb6+ 14.
Rf2 Qe3 15. Qc2 Bxe5 16. Nf3 Bf6 17. Re1 Qb6 18. Kh1 Bd7 19. Ref1 Rac8 20. Qd2
Bb5 21. Bxb5 Qxb5 22. Ng5 Bxg5 23. Qxg5 Rce8 24. h4 Re2 25. h5 Rxf2 26. Rxf2
Qe8 27. Rf6 Qe4 28. Rf4 Qb1+ 29. Kh2 Qxb2 30. Qe5 Qb6 31. Rf6 Qb5 32. h6 Qe8
33. Rxg6+ 1-0

[Event "4NCL Division 4 South"]
[Site "Reading, ENG"]
[Date "2016.11.26"]
[Round "1.209"]
[White "Dhemrait, Surjit S"]
[Black "Johnson, Elizabeth"]
[Result "1-0"]
[WhiteElo "1555"]
[BlackElo "1310"]
[PlyCount "157"]
[EventDate "2016.11.26"]
[WhiteTeam "Cambridge University 3"]
[BlackTeam "Wood Green MM 3"]

1. e4 c6 2. Nc3 d5 3. d3 e5 4. Nf3 d4 5. Ne2 Bd6 6. Ng3 Be6 7. Bd2 Qc7 8. Ng5
Bc8 9. Be2 h6 10. Nf3 Nf6 11. Nh4 g6 12. Qc1 h5 13. O-O Be6 14. f4 exf4 15.
Bxf4 Bxf4 16. Qxf4 Qxf4 17. Rxf4 Nbd7 18. Rff1 Bg4 19. Nf3 h4 20. Nh1 c5 21.
Nf2 Bxf3 22. Bxf3 Ne5 23. Nh3 Nh7 24. Nf4 Ng5 25. Nd5 O-O-O 26. Rfd1 Nexf3+ 27.
gxf3 Nxf3+ 28. Kg2 Ne5 29. h3 g5 30. Ne7+ Kb8 31. Nf5 g4 32. Rh1 g3 33. Rhf1 c4
34. Rad1 cxd3 35. cxd3 Rh7 36. Rf4 Ng6 37. Rff1 Rd7 38. Rc1 Ne5 39. Rfd1 Nc6
40. a3 Ne7 41. Rf1 Ng6 42. Rc4 Ne5 43. Rxd4 Rxd4 44. Nxd4 Nxd3 45. b4 Ne5 46.
Nf5 Nc4 47. a4 Nb2 48. a5 Nd3 49. b5 Nf2 50. Nxh4 Nxe4 51. Rf4 Nd6 52. b6 axb6
53. axb6 Nc8 54. Rb4 Rh6 55. Nf5 Rxb6 56. Rxb6 Nxb6 57. Nd6 f6 58. Kxg3 Nd5 59.
h4 f5 60. h5 Nf6 61. h6 Kc7 62. Ne8+ Nxe8 63. h7 Nd6 64. h8=Q b5 65. Kf4 Kc6
66. Qc3+ Kd7 67. Ke5 Nc4+ 68. Kxf5 Kc6 69. Ke4 Kc5 70. Kd3 Kd6 71. Kd4 Kc6 72.
Qf3+ Kb6 73. Qf6+ Ka5 74. Kc5 Na3 75. Qd8+ Ka4 76. Qd1+ Ka5 77. Qb3 b4 78.
Qxb4+ Ka6 79. Qb6# 1-0

[Event "4NCL Division 4 South"]
[Site "Reading, ENG"]
[Date "2016.11.26"]
[Round "1.202"]
[White "Akeya-Price, Robert"]
[Black "Villiers, Thomas"]
[Result "1-0"]
[WhiteElo "1694"]
[BlackElo "2222"]
[PlyCount "137"]
[EventDate "2016.11.26"]
[WhiteTeam "Wood Green MM 3"]
[BlackTeam "Barnet Knights 1"]

1. d4 d5 2. c4 e6 3. Nf3 Nf6 4. g3 dxc4 5. Bg2 Nc6 6. Qa4 Nd5 7. Qxc4 Na5 8.
Qa4+ Bd7 9. Qd1 c5 10. O-O Be7 11. Ne5 cxd4 12. Qxd4 Qb6 13. Qg4 Bb5 14. Qxg7
O-O-O 15. Nxf7 Rhg8 16. Qxh7 Rdf8 17. Bxd5 exd5 18. Nh6 Bc5 19. Nxg8 Bxe2 20.
Bf4 Bxf1 21. Kxf1 Rxf4 22. gxf4 Qxb2 23. Qf5+ Kb8 24. Qe5+ Qxe5 25. fxe5 Bd4
26. Nc3 Bxc3 27. Rd1 Bxe5 28. Rxd5 Nc6 29. h4 Kc7 30. h5 Bh8 31. f4 Nb4 32. Rd2
Bc3 33. Re2 Kd6 34. Ne7 a5 35. h6 Bf6 36. h7 b5 37. Ng6 a4 38. h8=Q Bxh8 39.
Nxh8 a3 40. f5 Nd5 41. Re6+ Kd7 42. Ng6 b4 43. Ne5+ Kc7 44. Rc6+ Kb7 45. Rc5
Ne3+ 46. Ke2 Nxf5 47. Rb5+ Kc7 48. Rxb4 Kd6 49. Nd3 Kc6 50. Ra4 Kb5 51. Rxa3
Nd4+ 52. Kd2 Nc6 53. Ra8 Kb6 54. Kc3 Kb7 55. Rh8 Kb6 56. Rh6 Kc7 57. Nb4 Ne5
58. a4 Kb7 59. Kd4 Nd7 60. Nd5 Nb8 61. Kc5 Na6+ 62. Kb5 Nb8 63. a5 Nd7 64. Rh7
Kc8 65. Nb6+ Kb8 66. Nxd7+ Ka7 67. a6 Ka8 68. Nb6+ Kb8 69. a7# 1-0

[Event "4NCL Division 4 South"]
[Site "Reading, ENG"]
[Date "2016.11.26"]
[Round "1.205"]
[White "Pollack, Oscar"]
[Black "Hafstad, Leif"]
[Result "1-0"]
[WhiteElo "1952"]
[BlackElo "1660"]
[PlyCount "47"]
[EventDate "2016.11.26"]
[WhiteTeam "Barnet Knights 1"]
[BlackTeam "Wood Green MM 3"]

1. e4 e6 2. d4 d5 3. Nd2 Nf6 4. e5 Nfd7 5. Bd3 c5 6. c3 Nc6 7. Ngf3 Be7 8. O-O
Qb6 9. Qa4 O-O 10. Re1 Rd8 11. Nf1 cxd4 12. cxd4 Nb4 13. Bb1 Nf8 14. a3 Nc6 15.
Ng3 Bd7 16. Qd1 Na5 17. b4 Nc4 18. Nh5 a5 19. Ng5 axb4 20. Nxg7 Kxg7 21. Qh5
Be8 22. Nxh7 Ng6 23. Qh6+ Kg8 24. Nf6+ 1-0

[Event "4NCL Division 4 South"]
[Site "Reading, ENG"]
[Date "2016.11.26"]
[Round "1.208"]
[White "Lazarevic, Ljubica"]
[Black "Hung, Jake"]
[Result "0-1"]
[WhiteElo "1292"]
[BlackElo "1712"]
[PlyCount "74"]
[EventDate "2016.11.26"]
[WhiteTeam "Wood Green MM 3"]
[BlackTeam "Barnet Knights 1"]

1. e4 c6 2. d4 d5 3. e5 Bf5 4. Nf3 e6 5. Nbd2 Ne7 6. Be2 Nd7 7. O-O c5 8. c3
Nc6 9. Nb3 Be7 10. Be3 c4 11. Nbd2 b5 12. Ne1 O-O 13. b3 a5 14. bxc4 bxc4 15.
Qa4 Qc7 16. f4 h6 17. g4 Bh7 18. f5 Nb6 19. Qd1 a4 20. Ng2 a3 21. f6 gxf6 22.
exf6 Bd6 23. Bf4 Bxf4 24. Nxf4 Na4 25. Qe1 Nxc3 26. Qh4 Nxe2+ 27. Nxe2 Kh8 28.
Qxh6 Rg8 29. g5 Qd8 30. Rf3 Rg6 31. Qh5 Qb6 32. Kh1 Qd8 33. Rh3 Qg8 34. Nf3 Rb8
35. Nf4 Rb7 36. Nxg6+ fxg6 37. Ne5 gxh5 0-1